Quantum chemistry and spectroscopy
Na minha lista:
| Autor principal: | |
|---|---|
| Formato: | Livro |
| Idioma: | inglês |
| Publicado em: |
Harlow
Pearson Education
2014
|
| Edição: | 3. vyd. |
| Colecção: | Pearson new international edition
|
| Assuntos: | |
| Acesso em linha: | View in OPAC |
| Tags: |
Sem tags, seja o primeiro a adicionar uma tag!
|
MARC
| LEADER | 00000nam a2200000 a 4500 | ||
|---|---|---|---|
| 005 | 20260127134419.0 | ||
| 008 | 160928 2014 a i 000 0 eng d | ||
| 035 | |a vtls011582584 | ||
| 039 | 9 | |y 201609281006 |z mschk03 | |
| 040 | |a STUSCHK1 |b slo |c STUSCHK1 |e AACR2 | ||
| 100 | 1 | |a Engel, Thomas | |
| 245 | 1 | |a Quantum chemistry and spectroscopy |c Thomas Engel | |
| 250 | |a 3. vyd. | ||
| 260 | |a Harlow |b Pearson Education |c 2014 | ||
| 300 | |a 450 s. |b il. |c 28 cm | ||
| 490 | 1 | |a Pearson new international edition | |
| 504 | |a Obsahuje index | ||
| 650 | 0 | |a Quantum chemistry | |
| 650 | 0 | |a Spectrum analysis | |
| 910 | |a SCHK95 | ||
| 919 | |a 978-1-29203-951-0 | ||
| 999 | |c 12202 |d 12202 | ||